000
00295nam a2200121Ia 4500
005
20251222154424.0
008
251222s9999||||xx |||||||||||||| ||spa||
020
_a
84-239-1676-6
082
_a
868.6/D68O
100
_a
"Díaz Plaja, Fernando"
245
0
_a
Otra historia de España
942
_c
LIB
999
_c
36162
_d
36162